000 01037nam a2200229 a 4500
001 000659664
003 AM-YEHGA
005 20250617160739.0
008 090520s1961 ai | |||||||||||||rus|d
040 _aAM-YeHGA
041 0 _arus
100 1 _aПутятин, М.Д.
245 1 0 _aТехническое обслуживание машинно-тракторного парка /
_cМ.Д. Путятин, Н.Е. Старостин.
260 _aМосква :
_bСельхозиздат,
_c1961.
300 _a424 с. :
_bтабл., схемы, 1 вкл. слож. л. схема ;
_c20 см.
440 0 _aУчебники и учебные пособия для подготовки сельскохозяйственных кадров массовой квалификации
650 1 4 _aМеханизация сельского хозяйства
650 1 4 _aСельскохозяйственные машины и орудия
700 1 _aСтаростин, Н.Е.
942 _2udc
_cBK
090 _c462760
999 _c459689
_d459689